000 06716cam a22020174i 4500
001 u53627
003 PE-LiUPU
005 20250813165954.0
008 140926s2014 pe r 000 spa d
020 _a9786124145124
035 _a(Sirsi) i9786124145124
040 _aPE-LiUPU
_bspa
_cPE-LiUPU
_erda
082 0 4 _a657.61
_bE27
_221
082 0 4 _a657.7
_bE27 2014
_221
100 1 _aEffio Pereda, Fernando,
_d1973- ,
_eautor.
245 1 0 _aPlan contable general empresarial :
_banálisis financiero-tributario y casos prácticos cuenta por cuenta /
_cFernando Effio Pereda.
250 _aPrimera edición.
264 1 _aLima :
_bEntrelíneas,
_c2014.
300 _a734 páginas ;
_c25 centímetros
336 _atext
_2rdacontent
337 _aunmediated
_2rdamedia
338 _avolume
_2rdacarrier
490 0 _aAsesor empresarial
505 0 _aDefinición y nomenclatura de la cuenta -- Contenido de cada subcuenta -- Reconocimiento y medición -- Dinámica -- Comentarios -- Normas tributarias aplicables -- Desarrollo de las NIF aplicables -- Presentación en los estados financieros -- Casos.
526 _aP203
526 _aP200
526 _aSEG65
526 _aSEG64
526 _aSEG63
526 _aSEG62
526 _aSEG61
526 _aSEG60
526 _aSEG59
526 _aSEG58
526 _aSEG57
526 _aSEG56
526 _aSEG55
526 _aSEG54
526 _aSEG53
526 _aSEG52
526 _aSEG51
526 _aSEG50
526 _aSEG49
526 _aSEG48
526 _aSEG47
526 _aSEG46
526 _aSEG24
526 _aSEG23
526 _aSEG22
526 _aSEG21
526 _aSEG20
526 _aSEG19
526 _aSEG18
526 _aSEG17
526 _aSEG16
526 _aSEG14
526 _aSEG13
526 _aSEG12
526 _aSEG11
526 _aSEG10
526 _aSEG09
526 _aSEG06
526 _aSEG05
526 _aSEG04
526 _aSEG03
526 _aSEG02
526 _aSEG68
526 _aSEG66
526 _aSEG45
526 _aSEG25
526 _aSEG01
526 _aP163
526 _aP162
526 _aP161
526 _aP160
526 _aP159
526 _aP158
526 _aP157
526 _aP156
526 _aP155
526 _aP154
526 _aP153
526 _aP152
526 _aP151
526 _aP150
526 _aP149
526 _aP142
526 _aP141
526 _aP140
526 _aP139
526 _aP138
526 _aP137
526 _aP132
526 _aP131
526 _aP130
526 _aP126
526 _aP125
526 _aP124
526 _aP123
526 _aP115
526 _aP122
526 _aP121
526 _aP116
526 _a P114
526 _aP112
526 _aP111
526 _aP104
526 _aP103
526 _aP102
526 _aP101
526 _aP100
526 _aP96
526 _aP95
526 _aP93
526 _aP92
526 _aP91
526 _aP88
526 _aP83
526 _aP82
526 _aP79
526 _aP78
526 _aP75
526 _aP74
526 _aP71
526 _aP69
526 _a P51
526 _aP49
526 _aP48
526 _aP47
526 _aP33
526 _aP31
526 _a P30
526 _aP29
526 _aP27
526 _aP26
526 _aP25
526 _aP24
526 _a P22
526 _aP10
526 _aP09
526 _a P08
526 _aP06
526 _aP05
526 _aP04
526 _aP01
541 _g001-0039195;
596 _a1 2 3
650 1 4 _aContabilidad
_zPerú.
650 1 4 _aPlan contable general
_zPerú.
650 2 4 _aPlan contable general
_vEstudio de casos.
910 _apeb
_cng
942 _2ddc
_cBOOK
994 _aC0
_bPEPRU
949 _a657.48
_wDEWEY
_c1
_iFT02606
_lCCODEBUT1
_mBUT
_p36.00
_r0
_sY
_tBOOK
_u2016-4-3
_xFCE
_PP08
_0COMPRA
_o.STAFF. Colección General
949 _a657.61 E27
_wDEWEY
_c1
_i70417
_d2017-11-23
_e2015-10-26
_f2018-2-12
_g2
_lCCODEBUL1
_mBUL
_n3
_p129.00
_q1
_r0
_sY
_tBOOK
_u2015-7-6
_xFCE
_PP08
_0COMPRA
_o.STAFF. Colección General
949 _a657.61 E27
_wDEWEY
_c2
_i70418
_d2015-12-1
_e2015-11-30
_f2018-2-12
_g2
_lCCODEBUL1
_mBUL
_n8
_p129.00
_r0
_sY
_tBOOK
_u2015-7-6
_xFCE
_PP08
_0COMPRA
_o.STAFF. Colección General
949 _a657.61 E27
_wDEWEY
_c3
_i70419
_d2018-4-16
_e2016-8-19
_f2018-2-12
_g2
_lCCODEBUL1
_mBUL
_n3
_p129.00
_q1
_r0
_sY
_tBOOK
_u2015-7-6
_xFCE
_PP08
_0COMPRA
_o.STAFF. Colección General
949 _a657.61 E27
_wDEWEY
_c4
_i71564
_d2018-5-28
_e2017-11-29
_f2018-2-12
_g2
_lCCODEBUL1
_mBUL
_n10
_p31.55
_q1
_r0
_sY
_tBOOK
_u2015-7-6
_xFCE
_0COMPRA
_o.STAFF. Colección General
949 _a657.7 E27 2014
_wDEWEY
_c1
_iFJ01583
_d2018-5-15
_e2018-5-14
_lCCODEBUJ1
_mBUJ
_n3
_p35.00
_q2
_r0
_sY
_tBOOK
_u2014-10-22
_xFCE
_PP08
_0COMPRA
_o.STAFF. Colección General Juliaca
949 _a657.7 E27 2014
_wDEWEY
_c2
_iFJ00133
_d2017-10-10
_e2017-10-5
_f2018-1-31
_g1
_lCCODEBUJ1
_mBUJ
_n3
_p32.00
_q1
_r0
_sY
_tBOOK
_u2015-8-3
_xFCE
_PP08
_0COMPRA
_o.STAFF. Colección General Juliaca
999 _a657.61 E27
_wDEWEY
_c56337
_i70417
_d56337
_e2019-9-23
_f2021-11-5
_g5
_lCCODEBUL1
_mBUL
_n11
_p129.00
_q1
_r0
_sY
_tBOOK
_u2015-7-6
_xFCE
_PP08
_0COMPRA
_o.STAFF. Colección General
999 _a657.61 E27
_wDEWEY
_c2
_i70418
_d2019-11-8
_e2019-11-3
_f2021-11-5
_g5
_lCCODEBUL1
_mBUL
_n14
_p129.00
_r0
_sY
_tBOOK
_u2015-7-6
_xFCE
_PP08
_0COMPRA
_o.STAFF. Colección General
999 _a657.61 E27
_wDEWEY
_c3
_i70419
_d2019-11-18
_e2019-11-17
_f2021-11-5
_g5
_lCCODEBUL1
_mBUL
_n10
_p129.00
_q2
_r0
_sY
_tBOOK
_u2015-7-6
_xFCE
_PP08
_0COMPRA
_o.STAFF. Colección General
999 _a657.61 E27
_wDEWEY
_c4
_i71564
_d2019-10-14
_e2019-10-10
_f2021-11-5
_g5
_lCCODEBUL1
_mBUL
_n20
_p31.55
_q3
_r0
_sY
_tBOOK
_u2015-7-6
_xFCE
_PP08
_0COMPRA
_o.STAFF. Colección General
999 _a657.7 E27 2014
_wDEWEY
_c1
_iFJ01583
_d2019-9-9
_e2019-9-3
_f2022-1-31
_g3
_lCCODEBUJ1
_mBUJ
_n8
_p35.00
_q9
_r0
_sY
_tBOOK
_u2014-10-22
_xFCE
_PP08
_0COMPRA
_o.STAFF. Colección General Juliaca
999 _a657.7 E27 2014
_wDEWEY
_c2
_iFJ00133
_d2018-11-21
_e2018-11-15
_f2022-1-31
_g4
_lCCODEBUJ1
_mBUJ
_n4
_p32.00
_q6
_r0
_sY
_tBOOK
_u2015-8-3
_xFCE
_PP08
_0COMPRA
_o.STAFF. Colección General Juliaca
999 _a657.48
_wDEWEY
_c1
_iFT02606
_f2019-2-20
_g1
_lCCODEBUT1
_mBUT
_p36.00
_r0
_sY
_tBOOK
_u2016-4-3
_xFCE
_PP08
_0COMPRA
_o.STAFF. Colección General
980 _81
_gALBERTO SANCHEZ Responsable de Automatización